000 00664nam a22002417a 4500
003 UA-OsUOA
001 55058
007 ta
008 20080807b un ||||| |||| 00| 0 ukr d
100 _aЛазарович М.
090 _a94(477).06
_bЛ17
942 _cBK
040 _aUA-OsUOA
_bukr
_cUA-OsUOA
_dUA-OsUOA
245 _aЛегіон Українських січових стрільців
300 _a592 с.
955 _a1
041 _aukr
080 _a94(477).06
020 _a966-8017-92-7
260 _aТернопіль
_bДжура
_c2005
650 7 _a9 Географія. Біографії. Історія
_2UDC
999 _c341137
_d341137